English Football Champions by Season — Click Quiz - Statistics

General Stats
  • This quiz has been taken 58 times
  • The average score is 9 of 24
Answer Stats
Hint Answer % Correct
2025–26 Arsenal
80%
1961–62 Ipswich Town
78%
1980–81 Aston Villa
72%
1992–93 Manchester United
65%
1991–92 Leeds United
61%
1960–61 Tottenham Hotspur
61%
1994–95 Blackburn Rovers
59%
2004–05 Chelsea
48%
2015–16 Leicester City
48%
1984–85 Everton
39%
2019–20 Liverpool
39%
2011–12 Manchester City
39%
1888–89 Preston North End
39%
1959–60 Burnley
30%
1925–26 Huddersfield Town
28%
1977–78 Nottingham Forest
28%
1971–72 Derby County
26%
1957–58 Wolverhampton Wanderers
22%
1948–49 Portsmouth
20%
1897–98 Sheffield United
9%
1908–09 Newcastle United
7%
1919–20 West Bromwich Albion
7%
1929–30 Sheffield Wednesday
4%
1891–92 Sunderland
2%
No matching quizzes found
Score Distribution
Percent of People with Each Score
Percentile by Number Answered
Your Score History
You have not taken this quiz